| 000 | 00867nas a2200289 4500 | ||
|---|---|---|---|
| 001 | BR9502385 | ||
| 003 | BR-BrBNA | ||
| 005 | 20231205094011.0 | ||
| 007 | ta | ||
| 008 | 230509b bl.|||p| |||| 00| 00por d | ||
| 040 |
_aBR-BrBNA _bpor _cBiblioteca Nacional de Agricultura |
||
| 041 | _a(Pt) | ||
| 072 | _aF60 | ||
| 100 | 1 | _aWolter, E.L.A. | |
| 100 | 1 | _aRocha, A.F.I. da | |
| 100 | 1 | _aWolter Filho, W. | |
| 100 | 1 | _aPereira Junior, O.L. | |
| 100 | 1 | _aSiqueira, J.B.G. | |
| 100 | 1 | _aZoghbi, M. das G.B. | |
| 245 | 1 | _aEstudo quimico das sementes e casca da madeira de Guarea Trichilioides (Meliaceae) | |
| 650 | _aMeliaceae | ||
| 650 | _aMadeira | ||
| 650 | _aAnalise Quimica | ||
| 773 | 0 |
_tActa Amazonica (Brazil) _xISSN 0044-5967 _g(Apr-Sep 1993), v. 23(2-3) p. 177-180 _wBR9502385 |
|
| 909 |
_a202311 _bLúcia _c55 _dLúcia Elande |
||
| 942 |
_2AGRIS _n0 _cANA |
||
| 999 |
_c141525 _d141525 |
||